Atlas de Historia de América

Bibliographic Details
Main Author: Gómez Méndez, Sergio Orlando
Format: Section = Libro
Language:Undetermined
Spanish
Published: México Limusa 2003
Subjects:
LEADER 00595nam a2200217Ia 4500
008 240829s9999 xx 000 0 und d
020 |a 968-18-6427-1 
040 |a BIBLIOTECA-RUSB/ Ref 912 G633 
041 |a spa 
082 |a Ref 912 G633 
100 1 |a Gómez Méndez, Sergio Orlando 
245 1 0 |a Atlas de Historia de América 
260 |a México  |b Limusa  |c 2003 
300 |a 198 p. :il. 
650 7 |a ATLAS - HISTORIA - AMERICA 
650 7 |b  AMERICA PRECOLOMBINA 
650 7 |c  DESCUBRIMIENTO DE AMERICA 
650 7 |d  AMERICA ANGLOSAJONA 
942 |c BK  |2 ddc 
991 |a TEXTO 
999 |c 6704